Países más Diversos Climatológicamente - Estadísticas

Estadísticas generales
  • Esta prueba ha sido intentada 4.591 veces
  • La puntuación promedio es 16 de 19
Estadísticas de respuestas
# País % Correcto
26 Estados Unidos
99%
18 China
97%
16 Rusia
97%
12 Brasil
96%
13 Argentina
95%
11 México
92%
15 Australia
91%
12 Canadá
91%
17 India
88%
12 España
87%
11 Colombia
85%
10 Perú
82%
11 Venezuela
77%
13 Italia
74%
10 Sudáfrica
74%
10 Bolivia
69%
10 Ecuador
68%
13 Turquía
60%
12 Pakistán
46%
No se encontraron pruebas coincidentes
Distribución de puntuación
Porcentaje de gente con cada puntuación
Porcentaje por número respondido
Historial de tus puntuaciones
No has intentado esta prueba.